Trabajos de la Cátedra de Historia Crítica de la Medicina. (Registro nro. 180208)

Detalles MARC
000 -LEADER
campo de control de longitud fija 00974nam a2200229 i 4500
001 - NÚMERO DE CONTROL
campo de control 180208
003 - IDENTIFICADOR DE NÚMERO DE CONTROL
campo de control ES-MaACL
005 - FECHA Y HORA DE LA ÚLTIMA TRANSACCIÓN
campo de control 20251015170208.0
007 - CAMPO FIJO DE DESCRIPCIÓN FÍSICA--INFORMACIÓN GENERAL
campo de control de longitud fija t|
008 - DATOS DE LONGITUD FIJA--INFORMACIÓN GENERAL
campo de control de longitud fija 120518m19331940sp a |||| | spa d
080 ## - NÚMERO DE LA CLASIFICACIÓN DECIMAL UNIVERSAL
Número de la Clasificación Decimal Universal 61(091)
245 00 - MENCIÓN DEL TÍTULO
Título Trabajos de la Cátedra de Historia Crítica de la Medicina.
260 ## - PUBLICACIÓN, DISTRIBUCIÓN, ETC.
Lugar de publicación, distribución, etc. Madrid :
Nombre del editor, distribuidor, etc. [s.n.],
Fecha de publicación, distribución, etc. 1933-1940 (
Fabricante Imp. de los Sobrinos de la Suc. de M. Minuesa de los Rios)
300 ## - DESCRIPCIÓN FÍSICA
Extensión 6 v. :
Otras características físicas il. ;
Dimensiones 26 cm.
505 8# - NOTA DE CONTENIDO CON FORMATO
Nota de contenido con formato Contiene: 1º. Curso de 1932-1933 - 2º. Curso de 1932-1933 - 3º. Curso de 1933-1934 - 4º. Curso de 1934-1935 - 5º. Curso de 1934-1935 - 6º. Curso de 1934-1935 - 9º. Curso de 1940: resumen de cuadros sinópticos / [Eduardo García del Real]
650 04 - PUNTO DE ACCESO ADICIONAL DE MATERIA--TÉRMINO DE MATERIA
Término de materia o nombre geográfico como elemento de entrada Medicina-
Subdivisión de forma Historia
9 (RLIN) 14907
700 0# - ENTRADA AGREGADA--NOMBRE PERSONAL
Nombre de persona García del Real, Eduardo,
Fechas asociadas al nombre 1870-1946
9 (RLIN) 54523
852 ## - LOCALIZACIÓN
Ubicación ES-MaACL
Número de control de estantería E-15410-16
852 ## - LOCALIZACIÓN
Ubicación ES-MaACL
Número de control de estantería C-7147
Nota libre Vol. 1º
852 1# - LOCALIZACIÓN
Ubicación BA
Número de control de estantería 1971-F-5
Nota libre Vol. 9º
Existencias
Estatus retirado Estado de pérdida Estado de daño No para préstamo Colección Biblioteca de origen Biblioteca actual Ubicación en estantería Fecha de adquisición Fuente de adquisición Total de préstamos Signatura topográfica completa Código de barras Visto por última vez Precio de reemplazo Tipo de ítem Koha
        Colección de folletos Biblioteca del Ateneo de Madrid Biblioteca del Ateneo de Madrid Depósito folletos 18/05/2012     1971-F-5 1189357 23/02/2023 23/02/2023 Folleto
          Biblioteca del Ateneo de Madrid Biblioteca del Ateneo de Madrid Depósito 2 18/05/2012     E-15410-16 1189355 23/02/2023 23/02/2023 Libro impreso
          Biblioteca del Ateneo de Madrid Biblioteca del Ateneo de Madrid Sala Palomar 18/05/2012     C-7147 1189356 23/02/2023 23/02/2023 Libro impreso